00333nam a2200121Ia 4500008004100000041000800041082001600049100002200065245004300087260004200130300003000172365000900202240624s9999 xx 000 0 und d aeng a371.102 KOT aKOTTLER JEFFREY A aTEACHER S JOURNEY THE HUMAN DIMENSIONS c2013aLondonbCorwin (A Sage Company) axi, : 171 : p. : cm. ; 25 cb38